Star Wars Bounty Hunters Quiz - Statistics

General Stats
  • This quiz has been taken 5,756 times
  • The average score is 6 of 8
Answer Stats
Hint Answer % Correct
Son of Jango Fett Boba Fett
100%
Boba Fett's Father Jango Fett
99%
Killed in Mos Eisley Cantina Greedo
92%
Dinosaur-Like Alien in Star Destroyer Bossk
71%
Escapee Assassian Droid IG-88
70%
Has Head Bandage Dengar
58%
Clawdite in Episode Two Zam Wessell
34%
Protocal Droid with Bug-Like head 4-LOM
33%
No matching quizzes found
Score Distribution
Percent of People with Each Score
Percentile by Number Answered
Your Score History
You have not taken this quiz